00326nam a2200121Ia 4500008004100000041000800041082001400049100001700063245004000080260004800120300002400168365001200192240624s9999 xx 000 0 und d aeng a174.4 GIB aGIBSON KEVIN aETHICS AND BUSINESS AN INTRODUCTION c2007aCambridgebCambridge University Press a274 : p. : cm. ; 24 cBPSb30